Statistiques concernant Plus grandes villes du Midi-Pyrénnés

Cliquez ici pour prendre le quiz!

Statistiques générales

  • Ce quiz a été pris 123 fois
  • Le résultat moyen est 11 sur 15

Statistiques - réponses

DépartementVille% Correct
Haute-GaronneToulouse
100%
TarnAlbi
94%
Hautes-PyrénéesTarbes
94%
AveyronRodez
85%
GersAuch
84%
Tarn-et-GaronneMontauban
83%
TarnCastres
82%
LotCahors
76%
Hautes-PyrénéesLourdes
69%
AveyronMillau
68%
Haute-GaronneBlagnac
57%
Haute-GaronneColomiers
54%
Haute-GaronneMuret
53%
Haute-GaronneTournefeuille
40%
Haute-GaronnePlaisance-du-Touch
12%

Distribution des résultats

Percentile par nombre de réponses

% des personnes avec chaque résultat

Votre développement - résultats

Vous n’avez pas pris ce quiz